|
|
|
|
| LEADER |
00000naa0a2200000 4500 |
| 001 |
662699 |
| 005 |
20250812135454.0 |
| 035 |
|
|
|a (RuTPU)RU\TPU\network\33854
|
| 035 |
|
|
|a RU\TPU\network\33851
|
| 090 |
|
|
|a 662699
|
| 100 |
|
|
|a 20200923d2020 k y0rusy50 ca
|
| 101 |
0 |
|
|a rus
|
| 102 |
|
|
|a RU
|
| 135 |
|
|
|a drcn ---uucaa
|
| 181 |
|
0 |
|a i
|
| 182 |
|
0 |
|a b
|
| 200 |
1 |
|
|a Контроль толщины гальванических покрытий
|f Д. А. Восколович, Г. В. Вавилова, М. Н. Белик
|
| 203 |
|
|
|a Текст
|c электронный
|
| 300 |
|
|
|a Заглавие с экрана
|
| 320 |
|
|
|a [Библиогр.: с. 910 (4 назв.)]
|
| 461 |
|
|
|t Интеграция науки, образования и производства – основа реализации Плана нации (Сагиновские чтения №12)
|o труды Международной научно-практической online конференции, 18-19 Июня 2020 г., г. Караганда
|o в 2 ч.
|f Карагандинский государственный технический университет (КарГТУ)
|d 2020
|
| 463 |
|
|
|t Ч. 1
|v [С. 908-910]
|d 2020
|
| 610 |
1 |
|
|a электронный ресурс
|
| 610 |
1 |
|
|a труды учёных ТПУ
|
| 610 |
1 |
|
|a краевые эффекты
|
| 610 |
1 |
|
|a гальванические покрытия
|
| 700 |
|
1 |
|a Восколович
|b Д. А.
|g Дмитрий Александрович
|
| 701 |
|
1 |
|a Вавилова
|b Г. В.
|c специалист в области неразрушающего контроля
|c заведующий лабораторией, доцент Томского политехнического университета, кандидат технических наук
|f 1981-
|g Галина Васильевна
|3 (RuTPU)RU\TPU\pers\30684
|9 14964
|
| 701 |
|
1 |
|a Белик
|b М. Н.
|g Михаил Николаевич
|
| 712 |
0 |
2 |
|a Национальный исследовательский Томский политехнический университет
|b Инженерная школа неразрушающего контроля и безопасности
|b Отделение контроля и диагностики
|3 (RuTPU)RU\TPU\col\23584
|
| 801 |
|
2 |
|a RU
|b 63413507
|c 20200923
|g RCR
|
| 856 |
4 |
|
|u https://www.kstu.kz/wp-content/uploads/2020/08/Sbornik-chast-1-2020.pdf#page=908
|
| 942 |
|
|
|c CF
|